Detalles MARC
| 000 -LIDER |
| fixed length control field |
01353cam a22003013a 4500 |
| 001 - NÚMERO DE CONTROL |
| Identificador de número de control |
0000723 |
| 003 - IDENTIFICACDOR DE NÚMERO DE CONTROL |
| control field |
DO-SdBNP |
| 005 - DATE AND TIME OF LATEST TRANSACTION |
| control field |
20161114112957.0 |
| 007 - CAMPOS FIJOS DE DESCRIPCIÓN FÍSICA |
| fixed length control field |
0000723 |
| 008 - ELEMENTOS DE LONGITUD FIJA |
| fixed length control field |
861112 2010 ag ac 000 0 spa d |
| 010 ## - NUMERO DE CONTROL DE BIBLIOTECA DEL CONGRESO |
| LC control number |
|
| 040 ## - FUENTE DE CATALOGACIÓN |
| Agencia que crea de manera original el registro |
BPMSU |
| Agencia que realiza la transcripción |
spa |
| Agencia que realiza la modificación |
BPMSU |
| -- |
|
| 082 ## - NÚMERO DE CLASIFICACIÓN DECIMAL DE DEWEY |
| Classification number |
R 611 |
| Item number |
C965h |
| 245 03 - MENCIÓN DE TITULO |
| Título |
El cuerpo humano : |
| Subtítulo |
anatomía y funciones / |
| Mención de responsabilidad |
coordinadores editoriales Ariela Kreimer, Laura Alejandra Romaniello ; ilustraciones Paulo Soverón |
| 246 34 - VARIACION DEL TÍTULO |
| Título propiamente dicho o título corto |
Atlas visual del cuerpo humano |
| 260 0# - PUBLICACIÓN, DISTRIBUCIÓN, ETC. (PIE DE IMPRENTA) |
| Lugar de publicación, distribución, etc |
Buenos Aires, Argentina : |
| Nombre del editor, distribuidor, etc. |
Cultural Librera Americana, |
| Fecha de publicación, distribución, etc |
2010. |
| 300 ## - DESCRIPCIÓN FÍSICA |
| Extensión |
64 p. : |
| Otros detalles físicos |
il., |
| Dimensiones |
39 cm. |
| 500 ## - NOTA GENERAL |
| Nota general |
Incluye glosario. |
| 505 2# - NOTA DE CONTENIDO |
| Título |
Un organismo complejo -- |
| -- |
La célula -- |
| -- |
Los tejidos -- |
| -- |
Los huesos -- |
| -- |
Los músculos -- |
| -- |
El sistema nervioso -- |
| -- |
El sistema circulatorio -- |
| -- |
El sistema linfático -- |
| -- |
El sistema endocrino -- |
| -- |
El sistema respiratorio -- |
| -- |
El sistema digestivo -- |
| -- |
El sistema escretor -- |
| -- |
El sistema reproductor masculino -- |
| -- |
El sistema reproductor femenino -- |
| -- |
La gestación -- |
| -- |
Los sentidos -- |
| -- |
Apéndice -- |
| -- |
Glosario -- |
| 600 ## - ENCABEZAMIENTO DE MATERIA--NOMBRE PERSONAL |
| Nombre personal |
|
| Subdivisión temática general |
|
| 650 #4 - ENCABEZAMIENTO DE MATERIA--TEMÁTICO |
| Término temático o nombre geográfico como elemento de entrada |
ANATOMÍA HUMANA |
| Subdivisión de forma |
ATLAS |
| 700 12 - ASIENTO SECUNDARIO -- NOMBRE PERSONAL |
| Nombre personal |
Kreimer, Ariela |
| Mención de responsabilidad |
coord. |
| 700 12 - ASIENTO SECUNDARIO -- NOMBRE PERSONAL |
| Nombre personal |
Romaniello, Laura Alejandra |
| 700 12 - ASIENTO SECUNDARIO -- NOMBRE PERSONAL |
| Nombre personal |
Soverón, Paulo |
| Mención de responsabilidad |
il. |
| 910 ## - VALIDACIÓN |
| Validación |
Validado. Control de calidad MFF |
| 942 ## - ADDED ENTRY ELEMENTS (KOHA) |
| Source of classification or shelving scheme |
Dewey Decimal Classification |
| Koha item type |
Libros |
| 956 ## - LOCAL ELECTRONIC LOCATION AND ACCESS (OCLC) |
| Método de acceso |
YLOCKWARD |
| Materiales especificados |
10 |
| Campo enlazado y núm. de secuencia |
BPMSU |